000 00705nam a2200217Ii 4500
003 JO-AjNU
008 230605s9999||||xx |||||||||||||| ||und||
017 _a2008/8/2729
020 _a978-9957-19-029-3
040 _aJO-AjNU
_bara
_erda
_cJO-AjNU
041 _aara
050 1 4 _aRA781.R33 1998
100 3 _aبدران، ابراهيم جميل ,
_eauthor
_949622
245 0 0 _aنحو منظومة صحية عربية متكاملة
264 3 1 _aعمان :دار الفارس ، 2008
300 _a106ص
336 _atext
_btxt
_2rdacontent
337 _aunmediated
_bn
_2rdamedia
338 _avolume
_bnc
_2rdacarrier
650 4 _aالصحة العامة -البلاد العربية
_949623
999 _aA21806
_c25374
_d25374